| 000 | 01011nam0a22002531i 4500 | ||
|---|---|---|---|
| 001 | rc\2377338 | ||
| 005 | 20240723123608.0 | ||
| 035 | _a(NLR Aleph) 006660493 | ||
| 090 |
_a4889203 _c4889203 |
||
| 100 | _a20110829d1978 |||y0rusy50 ca | ||
| 101 | 0 | _arus | |
| 102 | _aRU | ||
| 105 | _ay d ||||| | ||
| 200 | 1 |
_aВзаимодействие воспитания и управления в производственном коллективе _e(На опыте СССР и НРБ) _eАвтореф. дис. на соиск. учен. степени канд. филос. наук _e(09.00.02) _fАкад. обществ. наук при ЦК КПСС |
|
| 210 |
_aМосква _d1978 |
||
| 215 | _a24 с. | ||
| 320 | _aСписок работ авт.: с. 24 (6 назв.) | ||
| 700 | 1 |
_aРадев _bР.Г. _gРадой Георгиев |
|
| 801 | 0 |
_aRU _bNLR _gpsbo |
|
| 801 | 1 |
_aRU _bELAR _2rusmarc |
|
| 852 |
_aNLR _j78-4/24976 |
||
| 899 |
_aRuMoRGB _jДр 368/424 |
||
| 899 |
_aRuMoRGB _jДр 368/425 |
||
| 942 | _cBOOK | ||